[Event "Alekhine op"]
[Site "Moscow"]
[Date "1992.??.??"]
[Round "?"]
[White "Eismont, Oleg"]
[Black "Tseshkovsky, Vitaly"]
[Result "0-1"]
[WhiteElo "2410"]
[BlackElo "2510"]

1.e4 c5 2.Nc3 Nc6 3.Nf3 e5 4.Bc4 d6 5.O-O Be7 6.d3 Nf6 7.Ng5 O-O 8.f4 exf4
9.Bxf4 Na5 10.Qd2 Nxc4 11.dxc4 h6 12.Nf3 Be6 13.b3 a6 14.Rad1 b5 15.cxb5 axb5
16.Nxb5 Rxa2 17.Nc3 Ra6 18.Qe2 Qa8 19.Nd5 Bxd5 20.exd5 Re8 21.Qd3 Bf8 22.Bc1 Ra2
23.Nh4 c4 24.bxc4 Qa7+ 25.Kh1 Ne4 26.Qf3 Rxc2 27.Be3 Ng3+ 28.Qxg3 Qxe3 29.Rf3 Qg5
30.Qxg5 hxg5 31.Nf5 Rxc4 32.Re3 Rxe3 33.Nxe3 Re4 34.Rd3 g4 35.g3 g6 36.Rc3 Bg7
37.Rc8+ Kh7 38.Nc4 Bd4 39.Kg2 Bc5  0-1

[Event "Moscow Tal mem"]
[Site "Moscow"]
[Date "1992.??.??"]
[Round "?"]
[White "Gorbatow, Alexej"]
[Black "Filipenko, Alexander V"]
[Result "0-1"]
[WhiteElo "2375"]
[BlackElo "2390"]

1.e4 c5 2.Nc3 Nc6 3.Nge2 d6 4.d4 cxd4 5.Nxd4 Nf6 6.g3 g6 7.Bg2 Bg7 8.Nde2 O-O
9.O-O Rb8 10.h3 b5 11.a3 a5 12.Bg5 b4 13.axb4 axb4 14.Nd5 Nxd5 15.exd5 Ne5
16.Nd4 Re8 17.Nc6 Nxc6 18.dxc6 Be6 19.Ra7 Rc8 20.Qd2 d5 21.Qxb4 Rxc6 22.Bxe7 Qc8
23.c3 Bxh3 24.Bxd5 Ra6 25.Rb7 Bxf1 26.Qf4 Ra1 27.Qxf7+ Kh8 28.Bf6 Bc4+ 29.Kh2 Rh1+  0-1

[Event "Moscow Tal mem"]
[Site "Moscow"]
[Date "1992.??.??"]
[Round "?"]
[White "Nikolenko, Oleg"]
[Black "Sveshnikov, Evgeny"]
[Result "0-1"]
[WhiteElo "2460"]
[BlackElo "2525"]

1.e4 c5 2.Nc3 Nc6 3.Nge2 e5 4.Nd5 Nce7 5.Ne3 Nf6 6.Nc3 a6 7.a4 d5 8.exd5 Nexd5
9.Ncxd5 Nxd5 10.Qh5 Be6 11.Qxe5 Be7 12.Qxg7 Bf6 13.Qg3 Qe7 14.Be2 O-O-O 15.Bg4 Rhg8
16.Bxe6+ fxe6 17.Qf3 Bd4 18.g3 Rdf8 19.Qe2 Qd7 20.Rf1 h5 21.c3 Bg7 22.Qc4 Kb8
23.d3 Rf3 24.Bd2 Rgf8 25.Qe4 Nb6 26.Nc4 Nxa4 27.Bf4+ R3xf4 28.gxf4 Nxb2 29.Nxb2 Bxc3+
30.Ke2 Bxb2 31.Rab1 Bd4 32.Rg1 Rf7 33.Rb6 Ka7 34.Rgb1 Qd5 35.Qxe6 Qxe6+ 36.Rxe6 b5
37.Kf3 b4 38.Rg1 b3 39.Ke4 b2 40.Rb1 a5 41.Rd6 Rb7 42.Rxd4 cxd4  0-1

[Event "Muenster"]
[Site "Muenster"]
[Date "1992.??.??"]
[Round "6"]
[White "Keitlinghaus, Ludger"]
[Black "Blatny, Pavel"]
[Result "0-1"]
[WhiteElo "2460"]
[BlackElo "2515"]

1.e4 c5 2.Nc3 Nc6 3.Bb5 Nd4 4.a4 g6 5.Nge2 Bg7 6.O-O b6 7.Nxd4 cxd4 8.Ne2 Bb7
9.d3 Rc8 10.a5 a6 11.Bc4 b5 12.Bb3 d5 13.f3 e6 14.Qe1 Ne7 15.Bg5 h6 16.Bh4 O-O
17.Kh1 Re8 18.Qf2 Kh7 19.h3 Ba8 20.Qg1 g5 21.Be1 dxe4 22.fxe4 f5 23.Bxe6 Rxc2
24.Ng3 fxe4 25.Nxe4 Nd5 26.Bf5+ Kh8 27.Rf2 Rxf2 28.Bxf2 Nf4 29.Bg3 Qd5 30.Bg4 Nxd3
31.Nd6 Rf8 32.Nc8 Be5 33.Qh2 Nf2+ 34.Kg1 Bxg3 35.Qxg3 Nxg4 36.Ne7 Qe4  0-1

[Event "Muenster"]
[Site "Muenster"]
[Date "1992.??.??"]
[Round "9"]
[White "Keitlinghaus, Ludger"]
[Black "Jansa, Vlastimil"]
[Result "1/2-1/2"]
[WhiteElo "2460"]
[BlackElo "2455"]

1.e4 c5 2.Nc3 Nc6 3.Bb5 Nd4 4.a4 g6 5.Nge2 Bg7 6.O-O e6 7.Nxd4 cxd4 8.Ne2 Ne7
9.c3 a6 10.Bc4 d5 11.exd5 exd5 12.Ba2 Bg4 13.h3 Bxe2 14.Qxe2 O-O 15.c4 Re8
16.d3 Nc6 17.Qd1 Nb4 18.Bb3 dxc4 19.Bxc4 Qd7 20.Qf3 Nc6 21.Bf4 Ne5 22.Bxe5 Rxe5
23.Rfe1 Rae8 24.Kf1 Rxe1+ 25.Rxe1 Rxe1+ 26.Kxe1 Bf8 27.Kf1 Kg7 28.h4 h5 29.g3 a5
30.Bd5 b6 31.Qe4 Bc5 32.Bc4 Qf5 33.Qe8 Qf6 34.Kg2 Bb4 35.Qe4 Bc5 36.Qd5 Qf5
37.Qb7 Qf6 38.Kf1 Qf5 39.Kg2 Qf6 40.b3 Bb4 41.Qe4 Bc5 42.Qb7 Bb4 43.Kf1 Bc5
44.Bd5 Qe7 45.Qa6 Qe5 46.Qc4 Qf6 47.Kg2 Bb4 48.f4 Bc5 49.Be4 Qd6 50.Qc2 Qe6
51.Qc4  1/2-1/2

[Event "Munich op9192"]
[Site "Munich"]
[Date "1992.??.??"]
[Round "5"]
[White "Kovalev, Andrei"]
[Black "Ankerst, Mihael"]
[Result "1-0"]
[WhiteElo "2550"]
[BlackElo "2195"]

1.e4 c5 2.Nf3 Nc6 3.Nc3 e5 4.Bc4 d6 5.d3 Be7 6.O-O Nf6 7.Ng5 O-O 8.f4 exf4
9.Bxf4 h6 10.Nf3 Be6 11.Qe1 Kh7 12.Bxe6 fxe6 13.e5 dxe5 14.Bxe5 Nd5 15.Qe4+ Kh8
16.Rae1 Bf6 17.Bxf6 Rxf6 18.Nh4 Rxf1+ 19.Rxf1 Qd7 20.Na4 Nf6 21.Ng6+ Kg8
22.Nxc5 Nxe4 23.Nxd7 Rd8 24.Ndf8 Nc5 25.h4 Rd5 26.b4 Nd7 27.Nxd7 Rxd7 28.Rf8+ Kh7
29.h5 Rd8 30.b5  1-0

[Event "Nettetal"]
[Site "Nettetal"]
[Date "1992.??.??"]
[Round "4"]
[White "Thesing, Matthias"]
[Black "Leko, Peter"]
[Result "1/2-1/2"]
[WhiteElo "2415"]
[BlackElo "2385"]

1.e4 c5 2.Nc3 Nc6 3.Bb5 Nd4 4.Nf3 Nxb5 5.Nxb5 d6 6.d4 cxd4 7.Qxd4 Bd7 8.a4 a6
9.Nc3 Nf6 10.O-O e5 11.Qd3 h6 12.Rd1 Qc7 13.Be3 Be7 14.a5 Rc8 15.Bb6 Qc4
16.Qxc4 Rxc4 17.Nd2 Rc6 18.Nf1 Bd8 19.Bxd8 Kxd8 20.Ne3 Be6 21.f3 Ke7 22.Ncd5+ Bxd5
23.exd5 Rc7 24.c4 Rb8 25.b4 b6 26.axb6 Rxb6 27.c5 Rxb4 28.Nf5+ Kd8 29.c6 Ne8
30.Rxa6 Rf4 31.Ra8+ Rc8 32.Rda1 Rxf5 33.Rxc8+ Kxc8 34.Ra8+ Kc7 35.Rxe8 Rf4
36.Re7+ Kc8 37.Re8+ Kc7 38.Re7+ Kc8 39.Rd7 Rf6 40.Re7 Rf4  1/2-1/2

[Event "Nettetal"]
[Site "Nettetal"]
[Date "1992.??.??"]
[Round "9"]
[White "Thesing, Matthias"]
[Black "Lanka, Zigurds"]
[Result "1-0"]
[WhiteElo "2415"]
[BlackElo "2490"]

1.e4 c5 2.Nc3 Nc6 3.Bb5 Nd4 4.a4 e6 5.Nge2 a6 6.Bd3 Ne7 7.Nxd4 cxd4 8.Ne2 Nc6
9.c3 Bc5 10.O-O Qf6 11.Bc2 O-O 12.b4 Be7 13.f4 e5 14.fxe5 Qxe5 15.Bb2 d5
16.cxd4 Qg5 17.Rf3 Bg4 18.Re3 Nxb4 19.Bb3 dxe4 20.Qf1 Kh8 21.Rxe4 Bd6 22.Ng3 f5
23.Re6 Bxg3 24.hxg3 Qxd2 25.Qc1 Qxc1+ 26.Bxc1 Rfd8 27.Rb6 Nd3 28.d5 Re8 29.Bf4 Re2
30.d6 h6 31.Bc4 Nxf4 32.gxf4 Rd2 33.Be6 Rd8 34.d7 R8xd7 35.Bxd7 Rxd7 36.Rab1 Rd4
37.R6b4 Rd2 38.Rxb7 Ra2 39.Re1 Be2 40.Rc1 Bd3 41.Rc8+ Kh7 42.Rcc7 Be4 43.Rxg7+ Kh8
44.Ra7 Bd5 45.Rgd7 Rxg2+ 46.Kf1 Be4 47.Rh7+ Kg8 48.Rhe7 Bc6 49.Rec7  1-0

[Event "Norresundby op"]
[Site "Norresundby"]
[Date "1992.??.??"]
[Round "7"]
[White "Sobjerg, Erik"]
[Black "Zezulkin, Jurij"]
[Result "0-1"]
[WhiteElo "2320"]
[BlackElo "2440"]

1.e4 c5 2.Nf3 Nc6 3.Nc3 e5 4.Bc4 h6 5.d3 d6 6.Nd2 Nf6 7.Nf1 g6 8.Ne3 h5 9.Ned5 Nxd5
10.Nxd5 Bh6 11.Bxh6 Rxh6 12.Qd2 Rh8 13.O-O g5 14.c3 Be6 15.Rfe1 Rg8 16.a3 Bxd5
17.exd5 Ne7 18.d4 cxd4 19.cxd4 Ng6 20.Bd3 f6 21.Bf5 Kf8 22.Rac1 Kg7 23.Qc2 Kh6
24.Bxg6 Rxg6 25.Qf5 Qg8 26.Rc7 Qxd5 27.Qd7 Rh8 28.dxe5 fxe5 29.Rxb7 a5 30.Qb5 Qd2
31.Qe2 Qf4 32.Qe4 Rc8 33.g3 Qxe4 34.Rxe4 Rc1+ 35.Kg2 Rc2 36.Rf7 Rxb2 37.Ra4 Rb5
38.Rc4 d5 39.Rcc7 g4 40.Rh7+ Kg5 41.a4 Rb2 42.Rce7 Rf6 43.h4+ gxh3+ 44.Kxh3 Rfxf2  0-1

[Event "Nova Gorica (Women)"]
[Site "Nova Gorica"]
[Date "1992.??.??"]
[Round "?"]
[White "Djeno, Mara"]
[Black "Mihevc, Narcisa"]
[Result "1/2-1/2"]
[WhiteElo "2165"]
[BlackElo "2140"]

1.e4 c5 2.Nc3 Nc6 3.Nge2 e6 4.g3 g6 5.Bg2 Bg7 6.d3 d6 7.Be3 Nd4 8.O-O Ne7
9.Qd2 Qa5 10.Nc1 Nec6 11.Nb3 Qb4 12.Rac1  1/2-1/2

[Event "Novy Smokovec"]
[Site "Novy Smokovec"]
[Date "1992.??.??"]
[Round "?"]
[White "Gdanski, Jacek"]
[Black "Gazik, Igor"]
[Result "0-1"]
[WhiteElo "2500"]
[BlackElo "2425"]

1.e4 c5 2.Nc3 Nc6 3.Nf3 e5 4.Bc4 d6 5.d3 Be7 6.Nd5 Nf6 7.c3 O-O 8.O-O Be6
9.Re1 Bxd5 10.Bxd5 Nxd5 11.exd5 Nb8 12.d4 exd4 13.cxd4 Nd7 14.Bf4 Re8 15.Rc1 c4
16.Nd2 Qa5 17.Nxc4 Qxd5 18.Qf3 Qxd4 19.Be3 Qh4 20.Qxb7 Ne5 21.g3 Qg4 22.Nxe5 dxe5
23.Rc7 Qe6 24.Bxa7 Bd6 25.Rd7 Qxa2 26.Rd1 Bf8 27.b3 Qc2 28.Qd5 Qf5 29.Rc1 Rac8
30.Rxc8 Rxc8 31.Kg2 h5 32.h4 Qf6 33.Rb7 Rd8 34.Qf3 Qg6 35.Be3 Qe6 36.b4 g6
37.b5 e4 38.Qf4 Qc4 39.Rc7 Qe6 40.b6 Bd6 41.Qg5 Bxc7 42.bxc7 Rc8 43.Kh2 Qd6
44.Bf4 Qb6 45.Kg2 e3 46.Bxe3 Qxc7 47.Kh2 Qd6 48.Qb5 Rb8 49.Qa4 Qd5 50.Qc2 Kh7
51.Qc1 Qe4 52.Qc3 Qf3 53.Qa1 Qe4 54.Qf6 Qe6 55.Qxe6 fxe6 56.Kg2 Kg7 57.Bf4 Rb5
58.Be3 Kf6 59.Bd4+ Kf5 60.Be3 Ke4 61.Bh6 Rb3 62.Bg5 Kd5 63.Bh6 Kc4 64.Bf4 Rd3
65.Bh6 Kc3 66.Bf4 Kc2 67.Bh6 Kd1 68.Kf1 Rd5 69.Bg7 Kd2 70.Bh6+ Kd3 71.Bf4 Rb5
72.Bh6 Rb1+ 73.Kg2 Ke2 74.Bf4 Rb3 75.Bd6 Rf3 76.Bc5 Rf5 77.Be3 e5 78.Bb6 g5
79.hxg5 Rxg5 80.Be3 Rg4 81.Bc5 h4 82.Bd6 e4 83.Bc5 hxg3 84.fxg3 e3 85.Bb6 Rb4
86.Bc5 Rc4 87.Bb6 Re4  0-1

[Event "Oakham"]
[Site "Oakham"]
[Date "1992.??.??"]
[Round "3"]
[White "Reinderman, Dimitri"]
[Black "Degraeve, Jean Marc"]
[Result "1/2-1/2"]
[WhiteElo "2420"]
[BlackElo "2470"]

1.e4 c5 2.Ne2 Nc6 3.Nbc3 Nf6 4.d4 cxd4 5.Nxd4 e5 6.Ndb5 d6 7.Bg5 a6 8.Na3 b5
9.Bxf6 gxf6 10.Nd5 f5 11.Bd3 Be6 12.Qh5 Rg8 13.g3 Nd4 14.c3 fxe4 15.Bxe4 Bg4
16.Qxh7 Nf3+ 17.Bxf3 Bxf3 18.Qxg8 Bxh1 19.O-O-O Bxd5 20.Rxd5 Qf6 21.Rd2 b4
22.Nc4 Rd8 23.Ne3 bxc3 24.bxc3 d5 25.Rxd5 Rxd5 26.Nxd5 Qc6 27.Ne3 Qxc3+ 28.Nc2 e4
29.Qg5 Ba3+ 30.Kd1 Bc5 31.Qd2 Qxd2+ 32.Kxd2 Bxf2 33.Nb4 a5 34.Nd5 Bd4 35.g4 Kd7
36.Nc3 Ke6 37.Nxe4 Ke5 38.Kd3 Bb6 39.a4 f5 40.gxf5 Kxf5 41.Nd6+ Kg4 42.Kc4 Bg1
43.h3+ Kxh3 44.Kb5 Kg4 45.Kxa5 Bf2 46.Kb5 Be1 47.Ne4 Kf5 48.Nc5 Kf6 49.Nd3 Bd2
50.Nb4 Ke6 51.a5 Kd7 52.a6 Kc8 53.Nd5 Be1 54.a7 Kb7 55.a8=N Ba5 56.Kxa5 Kxa8
57.Kb6  1/2-1/2

[Event "Oberwart op"]
[Site "Oberwart"]
[Date "1992.??.??"]
[Round "5"]
[White "Holzer, Gerhard"]
[Black "Fominyh, Alexander"]
[Result "1/2-1/2"]
[WhiteElo "2235"]
[BlackElo "2530"]

1.e4 c5 2.Nf3 Nc6 3.Nc3 e6 4.Be2 a6 5.d4 cxd4 6.Nxd4 Qc7 7.O-O Bc5 8.Nxc6 bxc6
9.Na4 Be7 10.c4 c5 11.f4 d6 12.Bf3 Rb8 13.b3 Bf6 14.Bb2 Bxb2 15.Nxb2 Ne7
16.Qe1 Nc6 17.e5 Nd4 18.exd6 Qxd6 19.Rd1 Bd7 20.Be4 O-O 21.Nd3 f5 22.Bf3 Rfc8
23.Kh1 Be8 24.Qc3 Qb6 25.Nxc5 Nxf3 26.Nd7 Qb7 27.Nxb8 Nh4 28.Qg3 Ng6 29.Qe3 Rxb8
30.Qxe6+ Kh8 31.Rd6 Rc8 32.Re1 h6 33.Rb6 Qc7 34.Qd6 Qxd6 35.Rxd6 Nxf4 36.Rf1 g5
37.Rfd1 Bc6 38.Rd8+ Rxd8 39.Rxd8+ Kg7 40.Rd6 Bxg2+ 41.Kg1 Kf7 42.Rxh6 a5  1/2-1/2

[Event "Oostende op"]
[Site "Oostende"]
[Date "1992.??.??"]
[Round "6"]
[White "Bogaerts, Jan"]
[Black "Tischbierek, Raj"]
[Result "0-1"]
[WhiteElo "2305"]
[BlackElo "2495"]

1.e4 c5 2.Nc3 Nc6 3.Nge2 d6 4.g3 g6 5.Bg2 Bg7 6.O-O e6 7.d3 Nge7 8.Be3 Nd4
9.f4 O-O 10.Qd2 Rb8 11.Nc1 b5 12.Nd1 b4 13.c3 bxc3 14.bxc3 Ndc6 15.g4 f5
16.gxf5 exf5 17.e5 dxe5 18.Bxc5 Bb7 19.Rb1 Qc7 20.Qf2 Ba6 21.Rxb8 Rxb8 22.Ne3 exf4
23.Nd5 Nxd5 24.Bxd5+ Kh8 25.c4 Rb2 26.Qe1 Ne5 27.d4 f3 28.Rf2 Rxf2 29.Kxf2 h5
30.h3 Bxc4 31.Bxc4 Nxc4 32.Kxf3 Qh2 33.h4 Qh3+ 34.Ke2 Qe3+  0-1

[Event "Osasco"]
[Site "Osasco"]
[Date "1992.??.??"]
[Round "2"]
[White "Pereira, Silvio C"]
[Black "Resende, Antonio Carlos"]
[Result "1-0"]
[WhiteElo "2300"]
[BlackElo "2330"]

1.e4 c5 2.Nf3 Nc6 3.Nc3 d6 4.d4 cxd4 5.Nxd4 Nf6 6.Bc4 Qb6 7.Nb3 e6 8.Be3 Qc7
9.f4 Be7 10.O-O O-O 11.Qe2 a6 12.a4 b6 13.g4 Re8 14.g5 Nd7 15.Rf3 Bf8 16.Rd1 Bb7
17.Rh3 g6 18.Qf2 Nb4 19.Bf1 Be7 20.f5 exf5 21.exf5 Ne5 22.Qh4 Nf3+ 23.Rxf3 Bxf3
24.fxg6 hxg6 25.Qxb4 Bxd1 26.Nxd1 Qxc2 27.Nf2 d5 28.Qh4 Qxb3 29.Bd4 f6 30.gxf6 Qf3
31.fxe7 Qh5 32.Qf6 Qh7 33.Bg2  1-0

[Event "Oslo"]
[Site "Oslo"]
[Date "1992.??.??"]
[Round "4"]
[White "Malisauskas, Vidmantas"]
[Black "Greenfeld, Alon"]
[Result "1-0"]
[WhiteElo "2490"]
[BlackElo "2520"]

1.e4 c5 2.Nc3 Nc6 3.Nge2 d6 4.d4 cxd4 5.Nxd4 Nf6 6.Bg5 e6 7.Qd2 a6 8.O-O-O h6
9.Be3 Bd7 10.f3 b5 11.Kb1 Ne5 12.g4 b4 13.Nce2 Nc4 14.Qc1 d5 15.Ng3 Nxe3
16.Qxe3 dxe4 17.Nxe4 Nd5 18.Qe1 Qb6 19.Bc4 O-O-O 20.Bxd5 exd5 21.Ng3 Bc5
22.Qe5 f6 23.Qxd5 Bxg4 24.Qc4 Rxd4 25.Rxd4 Be6 26.Rd5 Bxd5 27.Qxd5 Rd8 28.Qc4 Kb8
29.Ne2 Be3 30.Nc1 Rc8 31.Qb3 a5 32.Nd3 Qc6 33.Re1 Bb6 34.Re6 Qc7 35.a3 a4
36.Qxa4 bxa3 37.Nb4 a2+ 38.Ka1  1-0

[Event "Oviedo rapid45"]
[Site "Oviedo"]
[Date "1992.??.??"]
[Round "6"]
[White "Large, Peter G"]
[Black "Cifuentes Parada, Roberto"]
[Result "1/2-1/2"]
[WhiteElo "2335"]
[BlackElo "2540"]

1.e4 c5 2.Nf3 Nc6 3.Nc3 d6 4.d4 cxd4 5.Nxd4 Nf6 6.Bc4 e6 7.Be3 Be7 8.Qe2 O-O
9.O-O-O a6 10.Bb3 Qe8 11.Rhg1 Nd7 12.g4 Nc5 13.g5 Bd7 14.Qh5 Nxb3+ 15.axb3 Nxd4
16.Bxd4 f5 17.Qe2 b5 18.exf5 Rxf5 19.Bf6 Kh8 20.Bxe7 Qxe7 21.g6 Raf8 22.f4 Be8
23.Rd4 Bxg6 24.Qe3 e5 25.fxe5 dxe5 26.Rdd1 Rf2 27.Rd2 Rf1+ 28.Rd1 Rxg1 29.Rxg1 Qf6
30.Rd1 h6 31.Rd2 Qf1+ 32.Nd1 Qf4 33.Qxf4 Rxf4 34.Rd6 Bh5 35.Ne3 Rf3 36.Kd2 Rf2+
37.Kd3 Rxh2  1/2-1/2

[Event "Oviedo rapid45"]
[Site "Oviedo"]
[Date "1992.??.??"]
[Round "8"]
[White "Hector, Jonny"]
[Black "Guimaraes, Jorge"]
[Result "1/2-1/2"]
[WhiteElo "2535"]
[BlackElo "2305"]

1.Nc3 c5 2.Nf3 Nc6 3.e4 e5 4.Bc4 d6 5.d3 Bg4 6.h3 Bxf3 7.Qxf3 Nf6 8.g4 Nd4
9.Qd1 Be7 10.a4 Nd7 11.Nd5 Bh4 12.Be3 Ne6 13.Qd2 h6 14.a5 Rb8 15.b4 b5 16.axb6 axb6
17.Bb5 O-O 18.Ra7 Nf6 19.Ne7+ Kh7 20.Nf5 Bg5 21.h4 Bxe3 22.fxe3 Ra8 23.Rxa8 Qxa8
24.g5 Qa1+ 25.Qd1 Qxd1+ 26.Kxd1 Ng4 27.Rg1 h5 28.Ke2 Rd8 29.Bc4 Rd7 30.Ra1 cxb4
31.Ra4 g6 32.Ng3 b5  1/2-1/2

[Event "Palma de Mallorca op"]
[Site "Palma de Mallorca"]
[Date "1992.??.??"]
[Round "3"]
[White "De la Villa Garcia, Jesus Maria"]
[Black "Ubilava, Elizbar"]
[Result "1/2-1/2"]
[WhiteElo "2450"]
[BlackElo "2560"]

1.e4 c5 2.Nc3 Nc6 3.Nf3 d6 4.d4 cxd4 5.Nxd4 Nf6 6.Bg5 Bd7 7.Be2 a6 8.Bxf6 gxf6
9.O-O e6 10.Kh1 Qc7 11.Bh5 Bg7 12.f4 f5 13.Nxc6 bxc6 14.exf5 exf5 15.Re1+ Kf8
16.Qd3 Be6 17.Rad1 d5 18.Ne2 c5 19.Ng3 Bxb2 20.Nxf5 Rb8 21.Ng3 c4 22.Qf3 d4
23.f5 Bc8 24.f6 Be6 25.Ne2 d3 26.cxd3 c3 27.Nd4 Bxa2 28.Qf5 h6 29.Re2 Qd6
30.Nc2 Be6 31.Qf2 Rg8 32.Bf3 Rg5 33.Be4 Rg4 34.Rf1 Rb3 35.h3 Rg3 36.Re3  1/2-1/2

[Event "Pamplona"]
[Site "Pamplona"]
[Date "1992.??.??"]
[Round "3"]
[White "Romero Holmes, Alfonso"]
[Black "De la Villa Garcia, Jesus Maria"]
[Result "1-0"]
[WhiteElo "2470"]
[BlackElo "2475"]

1.e4 c5 2.Nc3 Nc6 3.Nf3 Nf6 4.Bb5 g6 5.e5 Ng4 6.Qe2 Bg7 7.Bxc6 bxc6 8.d3 O-O
9.h3 Nh6 10.O-O Nf5 11.Bf4 Nd4 12.Nxd4 cxd4 13.Ne4 Qc7 14.Bg3 c5 15.f4 Bb7
16.Rae1 Rae8 17.Nd2 f6 18.e6 Bd5 19.exd7 Qxd7 20.Nc4 Bh6 21.Kh2 e6 22.b3 Rf7
23.Nd2 Bf8 24.Ne4 h6 25.h4 h5 26.Nd2 Bc6 27.Rf2 Qd5 28.Nc4 Qf5 29.Nd2 Bd6
30.Ne4 Bc7 31.Qd2 Kg7 32.a3 Rh8 33.b4 c4 34.Nc5 c3 35.Qe2 Re8 36.Qf1 Bb6
37.Ne4 Bd5 38.Nd6 Qg4 39.Nxe8+ Kg8 40.Nd6 Rh7 41.Ne4 Bd8 42.Qe2 Qf5 43.Nd6 Qg4
44.Qxg4 hxg4 45.Kg1 f5 46.Ree2  1-0

[Event "Pardubice op"]
[Site "Pardubice"]
[Date "1992.??.??"]
[Round "7"]
[White "Blodstein, Arkady"]
[Black "Votava, Jan"]
[Result "1-0"]
[WhiteElo "2375"]
[BlackElo "2435"]

1.e4 c5 2.Nc3 Nc6 3.Nge2 e5 4.Nd5 b5 5.Nec3 a6 6.Ne3 Nf6 7.d3 g6 8.g3 Bg7
9.Bg2 O-O 10.O-O d6 11.Ned5 Nxd5 12.Nxd5 Ne7 13.Bg5 f6 14.Nxe7+ Qxe7 15.Be3 Bb7
16.a4 f5 17.axb5 axb5 18.Qd2 Bc6 19.exf5 Bxg2 20.Kxg2 gxf5 21.Bh6 f4 22.Bxg7 f3+
23.Kh1 Qxg7 24.h3 Rae8 25.Rg1 Re6 26.g4 d5 27.Ra5 Qb7 28.Rga1 e4 29.dxe4 dxe4
30.Ra7 e3 31.Qc3 b4 32.Qxc5 Qe4 33.Qc7 Qg6 34.Ra8 e2 35.Rxf8+ Kxf8 36.Qf4+ Qf6
37.Qxb4+ Kg7 38.Re1 Qe5 39.Qb7+ Kg6 40.Qxf3 Re7 41.Qd3+ Kg5 42.Kg2 h5 43.h4+ Kxh4
44.Qh3+ Kg5 45.Qxh5+ Kf4 46.Qh2+ Kxg4 47.f3+  1-0

[Event "Pardubice op"]
[Site "Pardubice"]
[Date "1992.??.??"]
[Round "9"]
[White "Zhelnin, Vladimir V"]
[Black "Moroz, Alexander"]
[Result "1/2-1/2"]
[WhiteElo "2435"]
[BlackElo "2420"]

1.e4 c5 2.Nc3 Nc6 3.Nge2 e5 4.Nd5 b5 5.Ng3 a6 6.a4 Rb8 7.axb5 axb5 8.c3 g6
9.Qb3 c4 10.Qa2 h5 11.Be2 Nce7 12.b3 h4 13.Nf1 Nxd5 14.exd5 cxb3 15.Qxb3 Qb6
16.Ne3 Nf6 17.c4 b4 18.Bb2 d6 19.d4 exd4 20.Nc2 Bg7 21.Bxd4 Qd8 22.Nxb4 O-O
23.Qa3 Ne4 24.Bxg7 Kxg7 25.O-O Qg5 26.Nc6 h3 27.g3 Rb7 28.Rfe1 Qf6 29.Qe3 Re8
30.Qd4 Rb2 31.Bd3 Bf5 32.Rad1 Nxf2 33.Rxe8 Nxd1 34.Bxf5 Rg2+ 35.Kf1 Qxd4
36.Nxd4 gxf5 37.Nxf5+ Kf6 38.Nxd6 Rxh2 39.c5 Rh1+ 40.Ke2 Nc3+ 41.Kf2 Nd1+
42.Ke2 Nc3+ 43.Kf2 Nxd5 44.g4 Rh2+ 45.Kg3 Rg2+  1/2-1/2

[Event "Paris-ch"]
[Site "Paris"]
[Date "1992.??.??"]
[Round "5"]
[White "Temanlis, Yoel"]
[Black "Belkhodja, Slim"]
[Result "1/2-1/2"]
[WhiteElo "2250"]
[BlackElo "2395"]

1.e4 c5 2.Nc3 Nc6 3.Nge2 e6 4.g3 g6 5.d4 Nf6 6.Bg2 cxd4 7.Nxd4 Bg7 8.Ndb5 O-O
9.O-O d5 10.exd5 Nxd5 11.Nxd5 exd5 12.Qxd5 Bf5 13.Nd6 Be6 14.Qc5 Nd4 15.Bg5 Qd7
16.Rad1 b6 17.Qb4 a5  1/2-1/2

[Event "Paris-ch"]
[Site "Paris"]
[Date "1992.??.??"]
[Round "6"]
[White "Temanlis, Yoel"]
[Black "Rotstein, Arkadij"]
[Result "0-1"]
[WhiteElo "2250"]
[BlackElo "2410"]

1.e4 c5 2.Nc3 Nc6 3.Nge2 e5 4.Nd5 d6 5.Nec3 a6 6.a4 Rb8 7.Bc4 Nd4 8.Ne2 b5
9.Nxd4 exd4 10.Ba2 Nf6 11.O-O Be6 12.Re1 Be7 13.Nxe7 Qxe7 14.d3 O-O 15.axb5 axb5
16.Bg5 Ra8 17.Bxe6 Qxe6 18.Qd2 Nd7 19.Bf4 b4 20.Reb1 f6 21.f3 h5 22.h3 Kf7
23.Qd1 g5 24.Bg3 Kg6 25.Rxa8 Rxa8 26.Ra1 Rxa1 27.Qxa1 f5 28.exf5+ Kxf5 29.Qa8 h4
30.Bf2 Nf6 31.Kf1 b3 32.Qa4 bxc2 33.Qxc2 Nd5 34.Qe2 Qxe2+ 35.Kxe2 Nf4+ 36.Kd2 Nxg2
37.b4 cxb4 38.Bxd4 Nf4  0-1

[Event "BUL-ch (Women)"]
[Site "Pernik"]
[Date "1992.??.??"]
[Round "3"]
[White "Danova, Tanja"]
[Black "Tomovska, Iliana"]
[Result "0-1"]
[WhiteElo "2120"]
[BlackElo "2020"]

1.e4 c5 2.Nf3 Nc6 3.Nc3 g6 4.d4 cxd4 5.Nxd4 Bg7 6.Be3 Nf6 7.f3 O-O 8.Bc4 d5
9.Nxd5 Nxd5 10.exd5 Nb4 11.Qd2 Qa5 12.O-O Qc5 13.Bb3 Nxd5 14.Bf2 Qb4 15.c3 Qa5
16.Rad1 e5 17.Nf5 Bxf5 18.Qxd5 Qxd5 19.Rxd5 a5 20.g4 Be6 21.Rd6 Bxb3 22.axb3 a4
23.bxa4 Rxa4 24.Rb6 e4 25.fxe4 Rxe4 26.h3 f5 27.Bc5 Rc8 28.Ba3 fxg4 29.Rxb7 gxh3
30.Kh2 Re3 31.Bd6 Rd8 32.Rff7 Be5+ 33.Bxe5 Rd2+ 34.Kg1 Re1+  0-1

[Event "BCF-ch"]
[Site "Plymouth"]
[Date "1992.??.??"]
[Round "3"]
[White "Hebden, Mark"]
[Black "Summerscale, Aaron"]
[Result "1-0"]
[WhiteElo "2510"]
[BlackElo "2305"]

1.e4 c5 2.Nf3 Nc6 3.Nc3 Nf6 4.Bb5 g6 5.h3 Qc7 6.O-O Bg7 7.Re1 a6 8.e5 axb5
9.Nxb5 Qb6 10.Nd6+ Kf8 11.exf6 Bxf6 12.Nc4 Qd8 13.d4 cxd4 14.Bh6+ Kg8 15.Nce5 d6
16.Nxc6 bxc6 17.Nxd4 Bd7 18.c3 c5 19.Nf3 Bc6 20.Nh2 Ra7 21.Qd2 Bg7 22.Ng4 Bxh6
23.Qxh6 Qf8 24.Qf4 h5 25.Ne3 Qg7 26.Qc4 Qf6 27.b4 Ra3 28.b5 Bb7 29.Nd5 Qg5
30.Nxe7+ Kg7 31.Nc6 Bxc6 32.bxc6 Rc8 33.Qb5 Qd5 34.c4 Qd4 35.Rad1 Qf6 36.Re2 Ra7
37.Red2 Re7 38.Rxd6 Re1+ 39.Rxe1 Qxd6 40.a4 Rxc6 41.a5 Ra6 42.g3 Qd2 43.Ra1 Rf6
44.Qxc5 Qc3 45.Qa3 Qd4 46.Ra2 h4 47.g4 Qxc4 48.Qb2 Qd3 49.Ra1 Qxh3 50.Qd4 g5
51.a6 Kg6 52.a7 Rf4 53.Qxf4  1-0

[Event "Podolsk"]
[Site "Podolsk"]
[Date "1992.??.??"]
[Round "?"]
[White "Gipslis, Aivars"]
[Black "Makarov, Marat"]
[Result "1/2-1/2"]
[WhiteElo "2465"]
[BlackElo "2510"]

1.e4 c5 2.Nf3 Nc6 3.Nc3 d6 4.d4 cxd4 5.Nxd4 Nf6 6.Be3 e5 7.Nf3 Be7 8.Bc4 O-O
9.O-O Be6 10.Bb3 Na5 11.Bg5 Nc4  1/2-1/2

[Event "RUS-chT"]
[Site "Podolsk"]
[Date "1992.??.??"]
[Round "?"]
[White "Stirenkov, Veniami"]
[Black "Petrushin, Alexander I"]
[Result "0-1"]
[WhiteElo "2440"]
[BlackElo "2380"]

1.e4 c5 2.Nc3 Nc6 3.Nge2 Nf6 4.d4 cxd4 5.Nxd4 d6 6.Bc4 e6 7.Be3 a6 8.Qe2 Qc7
9.O-O-O Na5 10.Bd3 b5 11.f4 b4 12.Na4 Bd7 13.b3 Bxa4 14.bxa4 Be7 15.f5 e5
16.Nb3 O-O 17.g4 d5 18.g5 dxe4 19.Bxa6 Ng4 20.Qxg4 Rxa6 21.f6 Bd6 22.Qxe4 Nc4
23.a5 Nxa5 24.Nxa5 Rxa5 25.Kd2 Rxa2 26.Ke2 Rxc2+ 27.Kf3 Rc3 28.Rd3 Rc4 29.Rc1 Rxe4  0-1

[Event "Podolsk"]
[Site "Podolsk"]
[Date "1992.??.??"]
[Round "?"]
[White "Gipslis, Aivars"]
[Black "Vyzmanavin, Alexey"]
[Result "1/2-1/2"]
[WhiteElo "2465"]
[BlackElo "2580"]

1.e4 c5 2.Nf3 Nc6 3.Nc3 e5 4.Bc4 Be7 5.d3 Nf6 6.Nd2 O-O 7.Nf1 d6 8.Ne3 Be6
9.O-O Nd4 10.a4 Nd7 11.Ncd5 Bg5 12.c3 Nc6 13.g3 Bxe3 14.Bxe3 Nb6 15.Bb3 Ne7
16.Nxe7+ Qxe7 17.Bxe6 Qxe6 18.b4 Nd7 19.a5 Rac8 20.Rb1  1/2-1/2

[Event "POL-ch"]
[Site "?"]
[Date "1992.??.??"]
[Round "5"]
[White "Pedzich, Dominik"]
[Black "Urban, Klaudiusz"]
[Result "1-0"]
[WhiteElo "2385"]
[BlackElo "2465"]

1.e4 c5 2.Nf3 Nc6 3.Nc3 g6 4.d4 cxd4 5.Nxd4 Bg7 6.Be3 Nf6 7.Bc4 O-O 8.Bb3 Qa5
9.O-O d6 10.h3 Bd7 11.f4 Nxd4 12.Bxd4 e5 13.Be3 Bc6 14.f5 Bxe4 15.Nxe4 Nxe4
16.fxg6 hxg6 17.Rxf7 Rxf7 18.Bxf7+ Kxf7 19.Qf3+ Bf6 20.Qxe4 d5 21.Qg4 Re8
22.Rf1 Qb5 23.a4 Qc6 24.Qh4 Re6 25.Bg5 Qc5+ 26.Kh1 Qe7 27.Qh7+ Ke8 28.Qxg6+ Qf7
29.Qf5  1-0

[Event "Rubinstein mem"]
[Site "Polanica Zdroj"]
[Date "1992.??.??"]
[Round "10"]
[White "Gdanski, Jacek"]
[Black "Cebalo, Miso"]
[Result "1-0"]
[WhiteElo "2500"]
[BlackElo "2500"]

1.e4 c5 2.Nc3 Nc6 3.Nf3 e6 4.Bb5 Nd4 5.O-O Nxb5 6.Nxb5 a6 7.Nc3 b5 8.d4 cxd4
9.Qxd4 Bb7 10.Re1 Ne7 11.a4 Nc6 12.Qd3 Nb4 13.Qd1 bxa4 14.Nxa4 d5 15.e5 Be7
16.c3 Nc6 17.Be3 O-O 18.Bb6 Qb8 19.Qd2 a5 20.Bc5 Bxc5 21.Nxc5 Qc7 22.Nd3 Ba6
23.Nf4 Rfd8 24.Nh5 h6 25.Ra4 d4 26.cxd4 Nb4 27.Rc1 Qb6 28.Qf4 Bd3 29.Ra3 Nd5
30.Nf6+ gxf6 31.Qxh6 Bg6 32.Nh4 Ra7 33.Rh3 Nf4 34.exf6 Nh5 35.Nxg6 fxg6 36.Qxg6+ Ng7
37.Qh7+  1-0

[Event "Policka"]
[Site "Policka"]
[Date "1992.??.??"]
[Round "?"]
[White "Hausner, Ivan"]
[Black "Hansen, Sune Berg"]
[Result "1-0"]
[WhiteElo "2410"]
[BlackElo "2370"]

1.e4 c5 2.Nc3 Nc6 3.Nge2 Nf6 4.d4 cxd4 5.Nxd4 Qb6 6.Nb3 e6 7.Bd3 Be7 8.O-O d6
9.Kh1 a6 10.f4 Qc7 11.Qf3 O-O 12.Qh3 Nb4 13.Bd2 b6 14.Be2 e5 15.Qg3 Kh8 16.a3 Nc6
17.f5 Bb7 18.Nd5 Nxd5 19.exd5 Nd4 20.Nxd4 exd4 21.f6 Bxf6 22.Rxf6 Qxc2 23.Rf2 Qxb2
24.Rd1 Bxd5 25.Bb4 Qb3 26.Qxb3 Bxb3 27.Rxd4 Rfe8 28.Rxd6 b5 29.Ba5 Rac8 30.h3 Re6
31.Rxe6 Bxe6 32.Bf3 Kg8 33.Rd2 h6 34.Bb4 Kh7 35.Rd6 Rc1+ 36.Kh2 Bc8 37.Rb6 Rc7
38.Bc6 f5 39.Bd5 g5 40.Be6 Bxe6 41.Rxe6 Rc2 42.Rxa6 f4 43.Kg1 h5 44.Rf6 Kg7
45.Rf5 Kg6 46.Rf8 Rc4 47.Rg8+ Kf5 48.Rb8 Rc1+ 49.Kf2 g4 50.Rxb5+ Ke4 51.Rc5 g3+
52.Ke2 Rg1 53.Rc4+ Kf5 54.Be1 h4 55.a4 Rxg2+ 56.Kf3 Ra2 57.Rxf4+ Kg5 58.Rg4+ Kh5
59.a5  1-0